L'Escola Àngela Roca, 1958 - 2008 : 50 anys d'un col·legi públic a Viladecans / Xavier Calderé i Bel 50 anys d'un col·legi públic a Viladecans / Xavier Calderé i Bel
ISBN:
978-84-923956-9-9
Descripción Física:
113 p. : fot. col. ; 21 cm
Materias:
Escola Àngela Roca -- Història
MARC
| LEADER | 00000nam a2200000Ia 4500 | ||
|---|---|---|---|
| 001 | 21991 | ||
| 003 | BGR | ||
| 005 | 20260324175731.0 | ||
| 008 | 160829s2008 xx 000 0 cat d | ||
| 020 | |a 978-84-923956-9-9 | ||
| 080 | |a E-1-346 | ||
| 100 | 1 | |a Calderé i Bel, Xavier |9 39415 | |
| 245 | |a L'Escola Àngela Roca, 1958 - 2008 : |b 50 anys d'un col·legi públic a Viladecans / Xavier Calderé i Bel | ||
| 260 | |a Viladecans : |b Ajuntament de Viladecans, Arxiu Municipal de Viladecans, |c 2008 | ||
| 300 | |a 113 p. : |b fot. col. ; |c 21 cm | ||
| 590 | |a Bibliografia | ||
| 650 | |a Escola Àngela Roca |x Història |9 39420 | ||
| 710 | 1 | |a Viladecans (Catalunya). |b Ajuntament |9 54292 | |
| 710 | 2 | |a Arxiu Municipal de Viladecans |9 54293 | |
| 901 | |a Arxiu | ||
| 942 | |n 1 |2 udc |c MON | ||
| 952 | |0 0 |1 0 |4 0 |6 E1346 |7 1 |9 49002 |a Arxiu |b Arxiu |d 2016-12-01 |l 0 |o E-1-346 |p 21991 |r 2016-12-01 00:00:00 |w 2016-12-01 |y ARXIU | ||
| 999 | |c 52837 |d 52837 | ||